00208nam a2200085Ia 4500008004100000100001500041245004300056260001400099260000900113170617s9999 xx 000 0 und d aGhosh- L.K 0aHand book of Pharmaceutical Technology bC B S Pub c2008